| 000 | 00670cam a2200241 a 4500 | ||
|---|---|---|---|
| 008 | |||
| 020 | _a9781412977623 (pbk.) | ||
| 049 | _aMAIN | ||
| 090 |
_aHD66 _bLEV |
||
| 100 | 1 | _aLevi, Daniel. | |
| 245 | 1 | 0 |
_aGroup dynamics for teams / _cDaniel Levi. |
| 250 | _a3rd ed. | ||
| 260 |
_aLos Angeles : _bSAGE, ; _c2011. |
||
| 300 |
_axxiii, 366 p. : _bill. ; _c23 cm. |
||
| 500 | _aIncludes index. | ||
| 504 | _aIncludes bibliographical references. | ||
| 650 | 0 | _aTeams in the workplace. | |
| 907 |
_a.b10306286 _b27-11-14 _c27-01-12 |
||
| 003 | |||
| 005 | 20230123122110.0 | ||
| 040 | _cNUST | ||
| 942 |
_cBOOKS _kHD66 _mLEV |
||
| 999 |
_c127777 _d127777 |
||